| 000 | 00502nam a22001817a 4500 | ||
|---|---|---|---|
| 005 | 20251108165026.0 | ||
| 008 | 250721s1965 xx 000 0 ara d | ||
| 082 | 1 | 4 | _a331.026/فؤا |
| 100 | 1 | _aدهمان، فؤاد | |
| 245 | 1 | 0 | _aالتشريعات الإجتماعية / |
| 250 | _aط3. | ||
| 264 | 1 |
_aدمشق : _bمطبعة الإتحاد، _c1965. |
|
| 300 | _a524ص | ||
| 650 | 1 | 7 | _aالعمل و العمال |
| 650 | 1 | 7 | _aتشريعات العمل |
| 942 |
_2ddc _cBK |
||
| 999 |
_c20207 _d20207 |
||